Biochemistry and clinical Pathology / (Record no. 35409)
[ view plain ]
| 000 -LEADER | |
|---|---|
| fixed length control field | 00534nam a22001817a 4500 |
| 005 - DATE AND TIME OF LATEST TRANSACTION | |
| control field | 20240321093532.0 |
| 008 - FIXED-LENGTH DATA ELEMENTS--GENERAL INFORMATION | |
| fixed length control field | 240321b |||||||| |||| 00| 0 eng d |
| 082 ## - DEWEY DECIMAL CLASSIFICATION NUMBER | |
| Classification number | 572 |
| Item number | CHA-B |
| 100 ## - MAIN ENTRY--AUTHOR | |
| Author Name | Chaudhari M.R. |
| 245 ## - TITLE STATEMENT | |
| Title | Biochemistry and clinical Pathology / |
| Remainder of title | First year diploma in pharmacy : |
| Statement of responsibility, etc. | Chaudhari M.R, Kulkarni Y.A, Goghale S.B |
| 260 ## - PUBLICATION, DISTRIBUTION, ETC. | |
| Place of Publication | Pakistan |
| Name of publisher, distributor, etc. | Nirali |
| Date of publication, distribution, etc. | 2009 |
| 500 ## - GENERAL NOTE | |
| General note | Include index . |
| 650 ## - SUBJECT ADDED ENTRY--TOPICAL TERM | |
| Subject / Department | Medical / Biochemistry |
| 700 ## - ADDED ENTRY--PERSONAL NAME | |
| Personal name | Kulkarni Y.A |
| 700 ## - ADDED ENTRY--PERSONAL NAME | |
| Personal name | Goghale S.B |
| 300 ## - PHYSICAL DESCRIPTION | |
| -- | 21 cm. |
| 952 ## - LOCATION AND ITEM INFORMATION (KOHA) | |
| -- | 0 |
| -- | 0 |
| Lost status | Damaged status | Collection code | Permanent Location | Current Location | Shelving Location | Date acquired | Full Call Number | Accession No./Barcode | Date last seen | item type | Koha item type |
|---|---|---|---|---|---|---|---|---|---|---|---|
| Medical | Superior Information Resource Center (SIRC) Superior University- Main Campus | Superior Information Resource Center (SIRC) Superior University- Main Campus | Pathology | 03/21/2024 | 572 CHA-B 2009 | 6172 | 03/21/2024 | BOOK | BOOK |
